000 00375pam a2200133 a 4500
020 _a01628828
_c
041 _aeng
082 _a050
_bKRI
100 _aKrieman D ,
_eAuthor .
245 _aIEEE Transactions on Patern Analysis & Machin Intelligence Vol - 30 ,
_hBound Volumes
260 _a[s.l]:
_bIEEE Computer Society ,
_c2008.
300 _bHb;
_c28*20.
930 _a16698
999 _c59919
_d59919